[Event "DEM U10 2019"]
[Site "Willingen GER"]
[Date "2019.06.10"]
[Round "3"]
[White "Besou, Hussain"]
[Black "Freude, Paul"]
[Result "1-0"]
[Termination "normal"]
[Board "1"]
[WhiteElo "1789"]
[BlackElo "1713"]
[WhiteClock "01:09:28"]
[BlackClock "00:30:57"]
[PlyCount "39"]
[WhiteFideId "16269950"]
[BlackFideId "16280717"]
[EventCountry "GER"]
[EventRounds "11"]
[EventType "swiss"]
[EventDate "2019.06.08"]

1. c4 {[%clk 1:15:58]} 1... c5 {[%clk 1:15:48]} 2. g3 {[%clk 1:16:19]} 2... g6
{[%clk 1:16:09]} 3. Bg2 {[%clk 1:16:41]} 3... Bg7 {[%clk 1:16:30]} 4. Nc3 {
[%clk 1:17:03]} 4... Nc6 {[%clk 1:16:52]} 5. Nf3 {[%clk 1:17:00]} 5... e6 {
[%clk 1:16:58]} 6. e3 {[%clk 1:16:12]} 6... Nge7 {[%clk 1:16:04]} 7. d4 { [%clk
1:15:03]} 7... cxd4 {[%clk 1:12:18]} 8. exd4 {[%clk 1:15:28]} 8... O-O { [%clk
1:11:53]} 9. O-O {[%clk 1:14:56]} 9... Rb8 {[%clk 1:07:05]} 10. Bf4 { [%clk
1:14:48]} 10... Ra8 {[%clk 1:01:29]} 11. Nb5 {[%clk 1:13:59]} 11... e5 { [%clk
0:55:15]} 12. dxe5 {[%clk 1:14:20]} 12... a6 {[%clk 0:53:01]} 13. Nd6 { [%clk
1:14:43]} 13... Qa5 {[%clk 0:50:54]} 14. Re1 {[%clk 1:11:52]} 14... h6 { [%clk
0:46:43]} 15. h4 {[%clk 1:10:00]} 15... Rd8 {[%clk 0:44:15]} 16. a3 { [%clk
1:09:51]} 16... Qb6 {[%clk 0:33:38]} 17. b4 {[%clk 1:08:47]} 17... f6 { [%clk
0:31:29]} 18. c5 {[%clk 1:08:47]} 18... Qa7 {[%clk 0:31:19]} 19. Qb3+ { [%clk
1:09:09]} 19... Kh7 {[%clk 0:30:57]} 20. exf6 {[%clk 1:09:28]} 1-0

[Event "DEM U10 2019"]
[Site "Willingen GER"]
[Date "2019.06.10"]
[Round "3"]
[White "Helms, Finn"]
[Black "Fietz, Nils"]
[Result "1/2-1/2"]
[Termination "normal"]
[Board "2"]
[WhiteElo "1773"]
[BlackElo "1677"]
[WhiteClock "00:12:46"]
[BlackClock "00:37:34"]
[PlyCount "184"]
[WhiteFideId "16249143"]
[BlackFideId "16263880"]
[EventCountry "GER"]
[EventRounds "11"]
[EventType "swiss"]
[EventDate "2019.06.08"]

1. d4 {[%clk 1:15:58]} 1... d5 {[%clk 1:15:52]} 2. Bf4 {[%clk 1:16:23]} 2... c5
{[%clk 1:16:10]} 3. c3 {[%clk 1:16:04]} 3... Nf6 {[%clk 1:16:14]} 4. e3 { [%clk
1:15:58]} 4... Nc6 {[%clk 1:16:03]} 5. Nd2 {[%clk 1:16:22]} 5... e6 { [%clk
1:16:09]} 6. Ngf3 {[%clk 1:16:41]} 6... cxd4 {[%clk 1:16:22]} 7. exd4 { [%clk
1:17:07]} 7... Nh5 {[%clk 1:16:33]} 8. Be3 {[%clk 1:15:49]} 8... Bd6 { [%clk
1:16:20]} 9. g3 {[%clk 1:15:53]} 9... Qc7 {[%clk 1:12:08]} 10. Bd3 { [%clk
1:07:32]} 10... g6 {[%clk 1:10:04]} 11. Bh6 {[%clk 1:01:26]} 11... Bd7 { [%clk
1:07:09]} 12. Qe2 {[%clk 1:00:12]} 12... Rg8 {[%clk 1:04:15]} 13. Nf1 { [%clk
0:58:33]} 13... O-O-O {[%clk 1:02:20]} 14. Ne3 {[%clk 0:56:32]} 14... f6 {[%clk
1:02:19]} 15. O-O {[%clk 0:48:54]} 15... f5 {[%clk 0:53:41]} 16. Ng5 { [%clk
0:40:05]} 16... Bf8 {[%clk 0:46:13]} 17. Bxf8 {[%clk 0:39:50]} 17... Rgxf8
{[%clk 0:46:32]} 18. Nxh7 {[%clk 0:22:51]} 18... Rh8 {[%clk 0:44:27]} 19. Ng5
{[%clk 0:23:15]} 19... Rdf8 {[%clk 0:42:47]} 20. f4 20... Nf6 { [%clk 0:39:40]}
21. Nc2 {[%clk 0:20:44]} 21... Ne4 {[%clk 0:38:34]} 22. Ne1 { [%clk 0:20:47]}
22... Nxg5 {[%clk 0:37:45]} 23. fxg5 {[%clk 0:21:09]} 23... Rh5 {[%clk
0:38:04]} 24. Nf3 {[%clk 0:19:59]} 24... Rfh8 {[%clk 0:37:41]} 25. Kg2 { [%clk
0:18:45]} 25... e5 {[%clk 0:33:00]} 26. dxe5 {[%clk 0:16:10]} 26... Nxe5 {[%clk
0:33:17]} 27. h4 {[%clk 0:16:12]} 27... Nxf3 {[%clk 0:31:20]} 28. Rxf3 { [%clk
0:13:26]} 28... Bc6 {[%clk 0:31:26]} 29. Bb5 {[%clk 0:13:32]} 29... Re8 { [%clk
0:29:08]} 30. Qd3 {[%clk 0:13:25]} 30... Bxb5 {[%clk 0:28:58]} 31. Qxb5 { [%clk
0:13:47]} 31... Qc6 {[%clk 0:29:23]} 32. Qd3 {[%clk 0:13:29]} 32... Rhh8 {[%clk
0:29:30]} 33. Rd1 {[%clk 0:13:36]} 33... Re5 {[%clk 0:28:09]} 34. Kh3 { [%clk
0:09:58]} 34... Rhe8 {[%clk 0:27:48]} 35. Rf4 {[%clk 0:09:02]} 35... Re1 {[%clk
0:26:49]} 36. Rf1 {[%clk 0:07:25]} 36... Rxf1 {[%clk 0:24:59]} 37. Rxf1 {[%clk
0:06:40]} 37... Qe6 {[%clk 0:24:16]} 38. Rd1 {[%clk 0:06:54]} 38... f4+ {[%clk
0:24:05]} 39. g4 {[%clk 0:05:12]} 39... Kc7 {[%clk 0:21:44]} 40. Qf3 { [%clk
0:03:44]} 40... Qe3 {[%clk 0:21:32]} 41. Qxe3 {[%clk 0:04:05]} 41... Rxe3+
{[%clk 0:21:57]} 42. Kh2 {[%clk 0:04:05]} 42... Re2+ {[%clk 0:22:09]} 43. Kg1
{[%clk 0:04:14]} 43... Kc6 {[%clk 0:22:04]} 44. Rf1 {[%clk 0:03:47]} 44... Re4
{[%clk 0:21:11]} 45. Kg2 {[%clk 0:03:57]} 45... Kd6 {[%clk 0:21:23]} 46. Rh1
{[%clk 0:02:50]} 46... Ke6 {[%clk 0:19:51]} 47. h5 {[%clk 0:02:56]} 47... Kf7
{[%clk 0:20:06]} 48. h6 {[%clk 0:02:58]} 48... Kg8 {[%clk 0:20:20]} 49. h7+
{[%clk 0:03:02]} 49... Kh8 {[%clk 0:20:29]} 50. Kf3 {[%clk 0:03:21]} 50... Ra4
{[%clk 0:20:39]} 51. Rh2 {[%clk 0:03:20]} 51... b5 {[%clk 0:19:56]} 52. b3 {
[%clk 0:03:46]} 52... Ra6 {[%clk 0:19:33]} 53. Kxf4 {[%clk 0:03:58]} 53... Re6
{[%clk 0:19:49]} 54. Rd2 {[%clk 0:03:37]} 54... Re4+ {[%clk 0:19:52]} 55. Kf3 {
[%clk 0:03:56]} 55... Re5 {[%clk 0:20:12]} 56. Rd4 {[%clk 0:02:31]} 56... Kxh7
{[%clk 0:19:16]} 57. Kf4 {[%clk 0:02:52]} 57... Re2 {[%clk 0:18:50]} 58. Rxd5 {
[%clk 0:03:14]} 58... b4 {[%clk 0:18:11]} 59. c4 {[%clk 0:02:42]} 59... Rxa2 {
[%clk 0:18:29]} 60. Rd7+ {[%clk 0:03:05]} 60... Kg8 {[%clk 0:18:54]} 61. Rb7 {
[%clk 0:02:30]} 61... a5 {[%clk 0:19:09]} 62. c5 {[%clk 0:01:29]} 62... Rc2 {
[%clk 0:19:05]} 63. Rb5 {[%clk 0:01:38]} 63... Rc3 {[%clk 0:19:05]} 64. Rxa5 {
[%clk 0:01:41]} 64... Rxb3 {[%clk 0:19:04]} 65. Ra6 {[%clk 0:01:41]} 65... Rc3
{[%clk 0:19:21]} 66. Rxg6+ {[%clk 0:01:09]} 66... Kf7 {[%clk 0:19:27]} 67. Rb6
{[%clk 0:00:54]} 67... b3 {[%clk 0:19:48]} 68. c6 {[%clk 0:00:49]} 68... b2 {
[%clk 0:19:57]} 69. Rxb2 {[%clk 0:01:10]} 69... Rxc6 {[%clk 0:20:22]} 70. Re2 {
[%clk 0:01:10]} 70... Kg6 {[%clk 0:20:33]} 71. Re4 {[%clk 0:01:09]} 71... Rb6 {
[%clk 0:20:47]} 72. Rd4 {[%clk 0:15:02]} 72... Rc6 {[%clk 0:35:45]} 73. Rb4 {
[%clk 0:14:47]} 73... Ra6 {[%clk 0:36:02]} 74. Rb8 {[%clk 0:14:24]} 74... Ra4+
{[%clk 0:36:13]} 75. Kg3 {[%clk 0:14:44]} 75... Kxg5 {[%clk 0:35:52]} 76. Rb5+
{[%clk 0:14:57]} 76... Kg6 {[%clk 0:36:19]} 77. Kh4 {[%clk 0:15:18]} 77... Ra1
{[%clk 0:36:30]} 78. Rb6+ {[%clk 0:15:29]} 78... Kg7 {[%clk 0:36:37]} 79. Kh5 {
[%clk 0:15:49]} 79... Ra5+ {[%clk 0:35:42]} 80. g5 {[%clk 0:16:10]} 80... Ra7 {
[%clk 0:36:05]} 81. Rb5 {[%clk 0:14:55]} 81... Rc7 {[%clk 0:34:43]} 82. Re5 {
[%clk 0:14:34]} 82... Rb7 {[%clk 0:34:57]} 83. Rd5 {[%clk 0:13:15]} 83... Rc7 {
[%clk 0:35:13]} 84. Kg4 {[%clk 0:13:29]} 84... Rf7 {[%clk 0:35:15]} 85. Rd6 {
[%clk 0:13:33]} 85... Rf1 {[%clk 0:35:06]} 86. Kh4 {[%clk 0:12:48]} 86... Rh1+
{[%clk 0:35:15]} 87. Kg4 {[%clk 0:12:50]} 87... Rg1+ {[%clk 0:35:39]} 88. Kf5 {
[%clk 0:13:10]} 88... Rf1+ {[%clk 0:36:03]} 89. Ke4 {[%clk 0:13:15]} 89... Re1+
{[%clk 0:36:29]} 90. Kf3 {[%clk 0:13:28]} 90... Rf1+ {[%clk 0:36:54]} 91. Ke4 {
[%clk 0:12:48]} 91... Re1+ {[%clk 0:37:11]} 92. Kf5 {[%clk 0:12:46]} 92... Rf1+
{[%clk 0:37:34]} 1/2-1/2

[Event "DEM U10 2019"]
[Site "Willingen GER"]
[Date "2019.06.10"]
[Round "3"]
[White "Sauer, Tim"]
[Black "Dorendorf, Mika"]
[Result "1-0"]
[Termination "normal"]
[Board "3"]
[WhiteElo "1553"]
[BlackElo "1398"]
[WhiteClock "00:13:30"]
[BlackClock "00:42:05"]
[PlyCount "81"]
[WhiteFideId "16265726"]
[BlackFideId "16283066"]
[EventCountry "GER"]
[EventRounds "11"]
[EventType "swiss"]
[EventDate "2019.06.08"]

1. c4 {[%clk 1:15:58]} 1... e5 {[%clk 1:15:49]} 2. Nc3 {[%clk 1:16:22]} 2...
Nf6 {[%clk 1:16:12]} 3. g3 {[%clk 1:16:48]} 3... d5 {[%clk 1:16:36]} 4. cxd5 {
[%clk 1:17:13]} 4... Nxd5 {[%clk 1:17:01]} 5. Bg2 {[%clk 1:17:36]} 5... Ne7 {
[%clk 1:17:25]} 6. Nf3 {[%clk 1:17:54]} 6... Nbc6 {[%clk 1:17:47]} 7. O-O {
[%clk 1:17:29]} 7... g6 {[%clk 1:18:08]} 8. d3 {[%clk 1:12:32]} 8... Bg7 {
[%clk 1:16:06]} 9. Bd2 {[%clk 1:09:24]} 9... O-O 10. Rc1 {[%clk 1:09:22]} 10...
h6 {[%clk 1:14:27]} 11. a3 {[%clk 1:08:18]} 11... Be6 {[%clk 1:14:03]} 12. b4 {
[%clk 1:03:40]} 12... a6 {[%clk 1:09:43]} 13. Na4 {[%clk 1:01:33]} 13... Bd5 {
[%clk 1:07:42]} 14. e4 {[%clk 0:45:30]} 14... Be6 {[%clk 1:07:07]} 15. Nc5 {
[%clk 0:45:47]} 15... Qc8 {[%clk 1:07:25]} 16. a4 {[%clk 0:35:23]} 16... b6 {
[%clk 1:07:41]} 17. Nxe6 {[%clk 0:32:11]} 17... Qxe6 {[%clk 1:07:41]} 18. b5 {
[%clk 0:32:12]} 18... Na7 {[%clk 1:05:11]} 19. Rb1 {[%clk 0:23:02]} 19... axb5
{[%clk 1:04:38]} 20. axb5 {[%clk 0:22:53]} 20... Qd7 {[%clk 1:03:50]} 21. Qb3 {
[%clk 0:22:25]} 21... Rfd8 {[%clk 1:03:38]} 22. Bc3 {[%clk 0:20:58]} 22... Qd6
{[%clk 0:58:53]} 23. Rfd1 {[%clk 0:19:43]} 23... Re8 {[%clk 0:58:41]} 24. d4 {
[%clk 0:18:36]} 24... exd4 {[%clk 0:57:40]} 25. Bxd4 {[%clk 0:17:47]} 25...
Bxd4 {[%clk 0:57:30]} 26. Nxd4 {[%clk 0:17:23]} 26... Qe5 {[%clk 0:56:02]} 27.
f4 {[%clk 0:17:02]} 27... Qg7 {[%clk 0:51:26]} 28. Ra1 {[%clk 0:13:09]} 28...
Red8 {[%clk 0:46:07]} 29. e5 {[%clk 0:13:17]} 29... Qf8 {[%clk 0:44:22]} 30.
Bxa8 {[%clk 0:12:14]} 30... Rxa8 {[%clk 0:44:39]} 31. Qf3 {[%clk 0:12:01]}
31... Qe8 {[%clk 0:42:07]} 32. Qb7 {[%clk 0:11:24]} 32... Qd7 {[%clk 0:40:15]}
33. Qxa8+ {[%clk 0:11:35]} 33... Nac8 {[%clk 0:40:25]} 34. Nc6 {[%clk 0:11:42]}
34... Nd5 {[%clk 0:40:08]} 35. Rxd5 {[%clk 0:11:56]} 35... Qxd5 {[%clk 0:40:23]
} 36. Ne7+ {[%clk 0:12:23]} 36... Kg7 {[%clk 0:40:34]} 37. Nxd5 {[%clk 0:12:46]
} 37... c6 {[%clk 0:40:53]} 38. Qxc6 {[%clk 0:13:08]} 38... f5 {[%clk 0:41:13]}
39. Qxc8 {[%clk 0:13:08]} 39... g5 {[%clk 0:41:37]} 40. Ra7+ {[%clk 0:13:30]}
40... Kg6 {[%clk 0:42:05]} 41. Qe8# 1-0

[Event "DEM U10 2019"]
[Site "Willingen GER"]
[Date "2019.06.10"]
[Round "3"]
[White "Klaska, Philipp Leon"]
[Black "Jahnz, Laurin"]
[Result "1/2-1/2"]
[Termination "normal"]
[Board "7"]
[WhiteElo "1444"]
[BlackElo "1497"]
[WhiteClock "00:02:58"]
[BlackClock "00:20:50"]
[PlyCount "51"]
[WhiteFideId "16238044"]
[BlackFideId "16261089"]
[EventCountry "GER"]
[EventRounds "11"]
[EventType "swiss"]
[EventDate "2019.06.08"]

1. e4 {[%clk 1:15:56]} 1... e5 {[%clk 1:15:55]} 2. Nf3 {[%clk 1:16:21]} 2...
Nc6 {[%clk 1:16:21]} 3. Bc4 {[%clk 1:16:45]} 3... Bc5 {[%clk 1:16:46]} 4. c3 {
[%clk 1:17:11]} 4... Nf6 {[%clk 1:17:12]} 5. d4 {[%clk 1:17:36]} 5... exd4 {
[%clk 1:17:36]} 6. cxd4 {[%clk 1:18:00]} 6... Bb4+ {[%clk 1:18:01]} 7. Bd2 {
[%clk 1:18:23]} 7... Bxd2+ {[%clk 1:18:24]} 8. Nbxd2 {[%clk 1:18:45]} 8... d5 {
[%clk 1:18:43]} 9. exd5 {[%clk 1:19:11]} 9... Nxd5 {[%clk 1:19:05]} 10. O-O {
[%clk 1:19:34]} 10... O-O {[%clk 1:19:29]} 11. Rc1 {[%clk 1:20:00]} 11... Nb6 {
[%clk 1:19:49]} 12. Bb3 {[%clk 1:20:25]} 12... a5 {[%clk 1:20:07]} 13. a4 {
[%clk 1:20:47]} 13... Bg4 {[%clk 1:19:40]} 14. h3 {[%clk 1:19:38]} 14... Bh5 {
[%clk 1:15:04]} 15. Rc5 {[%clk 1:17:33]} 15... Bg6 {[%clk 1:13:13]} 16. Nc4 {
[%clk 1:09:36]} 16... Nxc4 {[%clk 1:11:54]} 17. Bxc4 {[%clk 1:05:33]} 17... Nb4
{[%clk 1:02:00]} 18. b3 {[%clk 0:58:47]} 18... Re8 {[%clk 0:54:41]} 19. Re1 {
[%clk 0:49:21]} 19... Rxe1+ {[%clk 0:50:35]} 20. Qxe1 {[%clk 0:46:06]} 20...
Bd3 {[%clk 0:43:13]} 21. Qc3 {[%clk 0:26:01]} 21... Bxc4 {[%clk 0:39:34]} 22.
Qxc4 {[%clk 0:25:03]} 22... c6 {[%clk 0:37:03]} 23. Re5 {[%clk 0:18:04]} 23...
Nd5 {[%clk 0:31:25]} 24. Nd2 {[%clk 0:08:16]} 24... Qd7 {[%clk 0:23:18]} 25.
Ne4 {[%clk 0:06:18]} 25... b6 {[%clk 0:20:50]} 26. Ng3 {[%clk 0:02:58]} 1/2-1/2

[Event "DEM U10 2019"]
[Site "Willingen GER"]
[Date "2019.06.10"]
[Round "3"]
[White "Birkenheier, Nicolas"]
[Black "Arora, Abhiraaj"]
[Result "0-1"]
[Termination "normal"]
[Board "9"]
[WhiteElo "1160"]
[BlackElo "1454"]
[WhiteClock "00:04:09"]
[BlackClock "00:43:02"]
[PlyCount "120"]
[WhiteFideId "16287100"]
[BlackFideId "25611054"]
[EventCountry "GER"]
[EventRounds "11"]
[EventType "swiss"]
[EventDate "2019.06.08"]

1. e4 {[%clk 1:15:54]} 1... e5 {[%clk 1:15:58]} 2. Nf3 {[%clk 1:16:03]} 2...
Nc6 {[%clk 1:16:24]} 3. Bc4 {[%clk 1:15:48]} 3... Bc5 {[%clk 1:16:48]} 4. d3 {
[%clk 1:15:07]} 4... d6 {[%clk 1:17:08]} 5. c3 {[%clk 1:12:22]} 5... Nf6 {
[%clk 1:16:58]} 6. O-O {[%clk 1:10:41]} 6... Bg4 {[%clk 1:17:07]} 7. Nbd2 {
[%clk 1:06:20]} 7... O-O {[%clk 1:16:58]} 8. h3 {[%clk 1:05:08]} 8... Bh5 {
[%clk 1:17:21]} 9. Re1 {[%clk 1:01:56]} 9... a6 {[%clk 1:15:32]} 10. Bb3 {
[%clk 0:56:04]} 10... Re8 {[%clk 1:15:27]} 11. Nf1 {[%clk 0:50:06]} 11... d5 {
[%clk 1:12:37]} 12. Ng3 {[%clk 0:30:52]} 12... Bg6 {[%clk 1:02:16]} 13. Nh4 {
[%clk 0:24:26]} 13... Nxe4 {[%clk 0:57:21]} 14. dxe4 {[%clk 0:07:58]} 14...
Qxh4 {[%clk 0:54:27]} 15. exd5 {[%clk 0:04:21]} 15... Qxg3 {[%clk 0:51:02]} 16.
Qe2 {[%clk 0:01:41]} 16... Ne7 {[%clk 0:50:12]} 17. Be3 {[%clk 0:01:25]} 17...
Bxe3 {[%clk 0:50:24]} 18. Qxe3 {[%clk 0:01:41]} 18... Qxe3 {[%clk 0:50:43]} 19.
Rxe3 {[%clk 0:01:52]} 19... Nf5 {[%clk 0:50:40]} 20. Re2 {[%clk 0:02:05]} 20...
Nd6 {[%clk 0:50:39]} 21. Rae1 {[%clk 0:02:14]} 21... e4 {[%clk 0:50:38]} 22. c4
{[%clk 0:01:56]} 22... Rad8 {[%clk 0:49:43]} 23. c5 {[%clk 0:01:53]} 23... Nb5
{[%clk 0:50:05]} 24. Rd1 {[%clk 0:01:38]} 24... h5 {[%clk 0:48:32]} 25. Red2 {
[%clk 0:00:59]} 25... e3 {[%clk 0:47:28]} 26. fxe3 {[%clk 0:01:16]} 26... Rxe3
{[%clk 0:47:24]} 27. Bc4 {[%clk 0:00:42]} 27... Na7 {[%clk 0:46:03]} 28. d6 {
[%clk 0:00:48]} 28... cxd6 {[%clk 0:45:49]} 29. cxd6 {[%clk 0:01:04]} 29... Nc8
{[%clk 0:44:52]} 30. Kf2 {[%clk 0:00:35]} 30... Re5 {[%clk 0:44:32]} 31. d7 {
[%clk 0:00:37]} 31... Nb6 {[%clk 0:44:56]} 32. Bb3 {[%clk 0:00:34]} 32... Re7 {
[%clk 0:45:13]} 33. g3 {[%clk 0:00:32]} 33... Rexd7 {[%clk 0:45:30]} 34. Rxd7 {
[%clk 0:00:43]} 34... Rxd7 {[%clk 0:45:52]} 35. Re1 {[%clk 0:00:55]} 35... Rd2+
{[%clk 0:46:10]} 36. Kg1 {[%clk 0:01:02]} 36... Kf8 {[%clk 0:46:14]} 37. h4 {
[%clk 0:00:35]} 37... Rxb2 {[%clk 0:46:20]} 38. Re3 {[%clk 0:00:35]} 38... Bc2
{[%clk 0:45:18]} 39. Bxc2 {[%clk 0:00:34]} 39... Rxc2 {[%clk 0:45:40]} 40. Ra3
{[%clk 0:00:32]} 40... Nc4 {[%clk 0:45:07]} 41. Rb3 {[%clk 0:00:34]} 41... b5 {
[%clk 0:45:07]} 42. Rd3 {[%clk 0:00:34]} 42... Rxa2 {[%clk 0:44:34]} 43. Kh1 {
[%clk 0:00:33]} 43... Ne5 {[%clk 0:44:33]} 44. Re3 {[%clk 0:00:37]} 44... b4 {
[%clk 0:42:03]} 45. Rxe5 {[%clk 0:00:33]} 45... b3 {[%clk 0:42:02]} 46. Re4 {
[%clk 0:00:36]} 46... b2 {[%clk 0:41:49]} 47. Rb4 {[%clk 0:00:51]} 47... Ra1+ {
[%clk 0:42:07]} 48. Kh2 {[%clk 0:01:05]} 48... b1=Q {[%clk 0:42:25]} 49. Rxb1 {
[%clk 0:01:14]} 49... Rxb1 {[%clk 0:42:49]} 50. Kg2 {[%clk 0:01:31]} 50... a5 {
[%clk 0:42:46]} 51. Kf2 {[%clk 0:01:54]} 51... a4 {[%clk 0:43:04]} 52. Ke3 {
[%clk 0:02:18]} 52... a3 {[%clk 0:43:31]} 53. Kd4 {[%clk 0:02:36]} 53... a2 {
[%clk 0:43:50]} 54. Kd3 {[%clk 0:02:53]} 54... a1=Q {[%clk 0:44:05]} 55. Ke4 {
[%clk 0:03:12]} 55... Rb3 {[%clk 0:43:44]} 56. Kd5 {[%clk 0:03:26]} 56... Qd1+
{[%clk 0:43:28]} 57. Ke4 {[%clk 0:03:44]} 57... Qd3+ {[%clk 0:43:33]} 58. Ke5 {
[%clk 0:04:04]} 58... Ke7 {[%clk 0:42:44]} 59. Kf4 {[%clk 0:04:02]} 59... Qe3+
{[%clk 0:42:40]} 60. Kf5 {[%clk 0:04:09]} 60... g6# {[%clk 0:43:02]} 0-1

[Event "DEM U10 2019"]
[Site "Willingen GER"]
[Date "2019.06.10"]
[Round "3"]
[White "Burkart, Lloyd Shang"]
[Black "Ruddat, Jarne"]
[Result "1/2-1/2"]
[Termination "normal"]
[Board "10"]
[WhiteElo "1411"]
[BlackElo "1350"]
[PlyCount "64"]
[WhiteFideId "16239059"]
[BlackFideId "16254236"]
[EventCountry "GER"]
[EventRounds "11"]
[EventType "swiss"]
[EventDate "2019.06.08"]

1. d4 d5 2. c4 dxc4 3. e4 e5 4. Nf3 exd4 5. Qxd4 Qxd4 6. Nxd4 Bc5 7. Nb5 Bb6 8.
Bxc4 Nf6 9. f3 a6 10. N5c3 Nbd7 11. Bf4 Nh5 12. Bd2 Ne5 13. Be2 Ng6 14. Nd5 Be6
15. Nxb6 cxb6 16. g3 Nf6 17. Be3 b5 18. Bd4 Rd8 19. Bxf6 gxf6 20. f4 Bd7 21.
Kf2 Bc6 22. Bf3 Ke7 23. b4 Rd3 24. Rd1 Rxd1 25. Bxd1 Bxe4 26. Nc3 Bc6 27. Bb3
Rd8 28. Rd1 Rxd1 29. Nxd1 Nf8 30. Ne3 Ne6 31. Nd5+ Bxd5 32. Bxd5 b6 1/2-1/2

[Event "DEM U10 2019"]
[Site "Willingen GER"]
[Date "2019.06.10"]
[Round "3"]
[White "Bock, Leonas"]
[Black "Malinowsky, Levi"]
[Result "0-1"]
[Termination "normal"]
[Board "11"]
[WhiteElo "1363"]
[BlackElo "1400"]
[PlyCount "50"]
[WhiteFideId "16287118"]
[BlackFideId "16253094"]
[EventCountry "GER"]
[EventRounds "11"]
[EventType "swiss"]
[EventDate "2019.06.08"]

1. d4 d5 2. Nf3 Nf6 3. e3 c5 4. b3 e6 5. Bd3 Nc6 6. Bb2 Bd6 7. Nbd2 O-O 8. O-O
b6 9. Ne5 Qc7 10. f4 Nd7 11. Nxd7 Qxd7 12. Rf3 cxd4 13. Bxd4 Nxd4 14. exd4 Bb4
15. Rh3 h6 16. Qe2 Qc7 17. Rf1 e5 18. Rh5 e4 19. Nxe4 dxe4 20. Qxe4 g6 21. Rxh6
Bb7 22. Qe3 Qc6 23. Qg3 Kg7 24. Rh4 f5 25. Re1 Bxe1 0-1

[Event "DEM U10 2019"]
[Site "Willingen GER"]
[Date "2019.06.10"]
[Round "3"]
[White "Navarro Jahnke, Leo"]
[Black "Kullmann, Theo"]
[Result "1-0"]
[Termination "normal"]
[Board "12"]
[WhiteElo "1334"]
[BlackElo "1465"]
[PlyCount "109"]
[WhiteFideId "16234146"]
[BlackFideId "16218582"]
[EventCountry "GER"]
[EventRounds "11"]
[EventType "swiss"]
[EventDate "2019.06.08"]

1. c4 e5 2. Nc3 d6 3. g3 Nc6 4. Bg2 g6 5. Nf3 Bg7 6. O-O Nge7 7. d3 O-O 8. Bd2
Be6 9. Qc1 Qd7 10. Bh6 f5 11. Bxg7 Kxg7 12. b3 h6 13. e3 Nd8 14. d4 e4 15. Nd2
c6 16. Qd1 Rc8 17. Rc1 g5 18. Ndb1 d5 19. cxd5 cxd5 20. Na4 Rxc1 21. Qxc1 b6
22. f4 Rh8 23. Qc3 Nf7 24. Rc1 Rc8 25. Qb2 Rxc1+ 26. Qxc1 h5 27. Nbc3 Ng6 28.
Bf1 Nh6 29. fxg5 Nf7 30. h4 Qc7 31. Ne2 Qd6 32. Nf4 Bd7 33. Nxh5+ Kh8 34. Nf4
Kh7 35. h5 Nxf4 36. gxf4 Kh8 37. Nc3 Be8 38. Nb5 Qe7 39. Qc7 Qxc7 40. Nxc7 Nd6
41. Nxe8 Nxe8 42. Bb5 Nc7 43. Bd7 a5 44. Bxf5 Kg7 45. h6+ Kh8 46. Kg2 Kg8 47.
Kg3 Kf7 48. Kg4 Kg8 49. Kh5 Kf7 50. g6+ Kg8 51. Kg5 Ne8 52. Be6+ Kh8 53. Bxd5
Nd6 54. g7+ Kh7 55. g8=Q# 1-0

[Event "DEM U10 2019"]
[Site "Willingen GER"]
[Date "2019.06.10"]
[Round "3"]
[White "Fruth, David"]
[Black "Middendorf, Sven-Jonas"]
[Result "1-0"]
[Termination "normal"]
[Board "13"]
[WhiteElo "1423"]
[BlackElo "1452"]
[PlyCount "111"]
[WhiteFideId "16257596"]
[BlackFideId "16287207"]
[EventCountry "GER"]
[EventRounds "11"]
[EventType "swiss"]
[EventDate "2019.06.08"]

1. e4 e5 2. Nf3 Nc6 3. Bb5 a6 4. Bxc6 dxc6 5. O-O Bd6 6. d4 exd4 7. Qxd4 f6 8.
Re1 Ne7 9. e5 fxe5 10. Nxe5 c5 11. Qe3 Rf8 12. Nc3 Rf5 13. Nc4 b5 14. Qe4 Bd7
15. Nxd6+ cxd6 16. Bf4 Rf6 17. Nd5 Rf7 18. Bxd6 Bf5 19. Bxe7 Bxe4 20. Bxd8 Rxd8
21. Rxe4+ Kf8 22. Rae1 g6 23. Nf4 Kg8 24. Re8+ Rxe8 25. Rxe8+ Kg7 26. Nd5 Kh6
27. f3 Rd7 28. Re5 c4 29. Kf2 a5 30. Ke2 b4 31. g4 Rd8 32. Ne3 c3 33. bxc3 bxc3
34. Rd5 Rxd5 35. Nxd5 Kg7 36. Kd3 Kf7 37. Kxc3 Ke6 38. Kc4 h5 39. h3 hxg4 40.
hxg4 g5 41. Kd4 a4 42. c4 a3 43. c5 Kd7 44. f4 gxf4 45. g5 f3 46. g6 f2 47. Ne3
Ke6 48. c6 Kf6 49. c7 f1=Q 50. Nxf1 Kxg6 51. c8=Q Kf7 52. Ke5 Kg7 53. Kf5 Kf7
54. Qd7+ Kg8 55. Kg6 Kh8 56. Qc8# 1-0

[Event "DEM U10 2019"]
[Site "Willingen GER"]
[Date "2019.06.10"]
[Round "3"]
[White "Huber, Benedikt Thomas"]
[Black "Li, David"]
[Result "1-0"]
[Termination "normal"]
[Board "14"]
[WhiteElo "1441"]
[BlackElo "1418"]
[PlyCount "97"]
[WhiteFideId "16281225"]
[BlackFideId "16287185"]
[EventCountry "GER"]
[EventRounds "11"]
[EventType "swiss"]
[EventDate "2019.06.08"]

1. e4 c6 2. d4 d5 3. Nc3 dxe4 4. Nxe4 Bf5 5. Ng3 Bg6 6. h4 h6 7. h5 Bh7 8. Nf3
Nf6 9. Bd3 Bxd3 10. Qxd3 e6 11. Bd2 Qb6 12. O-O-O Nbd7 13. Kb1 O-O-O 14. Qe2
Bb4 15. Bxb4 Qxb4 16. a3 Qa5 17. Ne5 Nxe5 18. dxe5 Nd5 19. Qf3 Qc7 20. Qe2 Rd7
21. Rhe1 Rhd8 22. Qg4 Qb6 23. Kc1 Qxf2 24. Ne4 Qf4+ 25. Qxf4 Nxf4 26. Nd6+ Kc7
27. g4 Nh3 28. Re3 Ng5 29. Red3 Kb8 30. R1d2 Kc7 31. Kd1 Kb8 32. Ke2 Kc7 33.
Rc3 Kb8 34. Rcd3 Kc7 35. c4 Kb8 36. c5 Kc7 37. Rb3 Kb8 38. a4 a5 39. Rdd3 Ka7
40. Ke3 Ka8 41. Rb6 Ka7 42. Rdb3 Rb8 43. Nc4 Rc8 44. Nxa5 Rcc7 45. Nc4 Rc8 46.
Nd6 Rcc7 47. a5 g6 48. a6 bxa6 49. Rxa6+ 1-0